Giải tích toán học T.3

Spremljeno u:
Bibliografski detalji
Glavni autor: Vũ Tuấn
Daljnji autori: Ngô Xuân Sơn, Phan Đức Thành
Format: Knjiga
Izdano: H. Giáo dục 1977
Izdanje:In lần thứ hai
Serija:Sách đại học sư phạm
Teme:
Oznake: Dodaj oznaku
Bez oznaka, Budi prvi tko označuje ovaj zapis!
Thư viện lưu trữ: Trung tâm Học liệu Lê Vũ Hùng, Trường Đại học Đồng Tháp
LEADER 00823pam a22002538a 4500
001 00023464
005 20171026081022.0
008 110623s1977 ||||||Viesd
041 0 # |a Vie 
082 1 # |a 515  |b GI103T 
100 0 # |a Vũ Tuấn 
245 0 0 |a Giải tích toán học  |c Vũ Tuấn, Phan Đức Thành, Ngô Xuân Sơn  |n T.3 
250 # # |a In lần thứ hai 
260 # # |a H.  |b Giáo dục  |c 1977 
300 # # |a 383tr.  |c 21 cm. 
490 0 # |a Sách đại học sư phạm 
650 |a Giải tích 
650 |a Toán học 
700 0 # |a Ngô Xuân Sơn 
700 0 # |a Phan Đức Thành 
852 # # |b Kho giáo trình  |j KGT.0003861, KGT.0003862 
910 # # |a N.V.Đức  |d 23/06/2011 
980 # # |a Trung tâm Học liệu Lê Vũ Hùng, Trường Đại học Đồng Tháp